[Event "European Online CC PlayB"]
[Site "Tornelo INT"]
[Date "2021.03.29"]
[Round "1.1"]
[Board "2"]
[White "Donchenko, Alexander"]
[Black "Wojtaszek, Radoslaw"]
[Result "1-0"]
[WhiteTitle "GM"]
[BlackTitle "GM"]
[WhiteElo "2659"]
[BlackElo "2694"]
[WhiteTeam "SF Deizisau e.V."]
[BlackTeam "Novy Bor"]
[WhiteFideId "24603295"]
[BlackFideId "1118358"]
[EventDate "2021.03.29"]
[EventType "team"]

1. Nf3 Nf6 2. g3 c5 3. Bg2 Nc6 4. O-O e5 5. e4 Be7 6. Re1 O-O 7. c3 d6 8. h3 Be6
9. d4 exd4 10. cxd4 cxd4 11. Nxd4 Nxd4 12. Qxd4 d5 13. e5 Ne4 14. Be3 Bc5 15.
Qd3 Qb6 16. Bxc5 Qxc5 17. Qe3 Qxe3 18. Rxe3 Nc5 19. b4 d4 20. Ra3 Nd7 21. Bxb7
Rab8 22. Rxa7 Nxe5 23. Nd2 Rfd8 24. a3 Rd7 25. Ra5 Rdxb7 26. Rxe5 Ra8 27. Ra5
Rxa5 28. bxa5 Rb5 29. Rb1 Rxb1+ 30. Nxb1 Kf8 31. a6 Ke7 32. a7 Bd5 33. Kf1 Kd6
34. Ke2 Kc5 35. Kd3 Bc4+ 36. Kc2 Bd5 37. Nd2 Kb6 38. Kd3 Kxa7 39. Kxd4 Be6 40.
h4 Kb6 41. Ne4 h6 42. Nc5 Ba2 43. f4 Kb5 44. Ne4 Kc6 45. Nc3 Be6 46. a4 f6 47.
Ne4 Bf5 48. a5 Bc8 49. Kc4 Ba6+ 50. Kd4 Bc8 51. Nc5 Kb5 52. a6 Kb6 53. Kd5 g5
54. Kd6 gxh4 55. gxh4 Bh3 56. Nd7+ Kxa6 57. Nxf6 Kb6 58. Ng8 h5 59. Nf6 Bg4 60.
Ke5 Kc6 61. Nxg4 hxg4 62. Ke4 Kd6 63. h5 Ke6 64. Ke3 Kf6 65. Kf2 Ke6 66. Kg3 Kf5
67. h6 Kg6 68. Kxg4 Kxh6 69. Kf5 1-0

[Event "European Online CC PlayB"]
[Site "Tornelo INT"]
[Date "2021.03.29"]
[Round "1.1"]
[Board "3"]
[White "Navara, David"]
[Black "Meier, Georg"]
[Result "1/2-1/2"]
[WhiteTitle "GM"]
[BlackTitle "GM"]
[WhiteElo "2697"]
[BlackElo "2628"]
[WhiteTeam "Novy Bor"]
[BlackTeam "SF Deizisau e.V."]
[WhiteFideId "309095"]
[BlackFideId "4675789"]
[EventDate "2021.03.29"]
[EventType "team"]

1. d4 Nf6 2. c4 e6 3. Nc3 Bb4 4. e3 c5 5. Ne2 cxd4 6. exd4 d5 7. c5 Ne4 8. Bd2
Nxd2 9. Qxd2 a5 10. a3 Bxc3 11. Nxc3 a4 12. Bd3 Bd7 13. O-O O-O 14. f4 Nc6 15.
f5 exf5 16. Bxf5 Ne7 17. Bc2 Bc6 18. Rae1 Qd7 19. Qg5 Ng6 20. h4 Rfe8 21. h5 h6
22. Rxe8+ Rxe8 23. Qf5 Nf8 24. Qxd7 Nxd7 25. Bxa4 Bxa4 26. Nxa4 Re2 27. b4 Rd2
28. Nb6 Nxb6 29. cxb6 Rxd4 30. Rc1 Rd3 31. a4 Rb3 32. b5 Rb4 33. Rc8+ Kh7 34. a5
Rxb5 35. Ra8 g5 36. Ra7 Kg7 37. Kf2 Kf6 38. g4 Ke5 39. Rxb7 Rxa5 40. Rxf7 Rb5
41. b7 Ke4 42. Ke2 Rb2+ 43. Kd1 d4 44. Kc1 Rb6 45. Kc2 Ke3 46. Rd7 Ke4 47. Kd2
Rb2+ 48. Kc1 Rb6 49. Kc2 Ke3 50. Rc7 Kf4 51. Kd3 Kxg4 52. Kxd4 Kxh5 53. Kc5 Rb1
54. Rd7 g4 55. Kc6 g3 56. Rd5+ Kh4 57. Rb5 Rxb5 58. Kxb5 g2 59. b8=Q g1=Q 60.
Qf4+ Kh5 61. Qf7+ Qg6 62. Qxg6+ Kxg6 63. Kc4 Kf5 64. Kd3 Kg4 65. Ke2 Kg3 66. Kf1 1/2-1/2

[Event "European Online CC PlayB"]
[Site "Tornelo INT"]
[Date "2021.03.29"]
[Round "1.1"]
[Board "4"]
[White "Keymer, Vincent"]
[Black "Sasikiran, Krishnan"]
[Result "1/2-1/2"]
[WhiteTitle "GM"]
[BlackTitle "GM"]
[WhiteElo "2591"]
[BlackElo "2647"]
[WhiteTeam "SF Deizisau e.V."]
[BlackTeam "Novy Bor"]
[WhiteFideId "12940690"]
[BlackFideId "5004985"]
[EventDate "2021.03.29"]
[EventType "team"]

1. Nf3 d5 2. e3 Nf6 3. c4 c6 4. Nc3 e6 5. b3 Bd6 6. Bb2 O-O 7. h3 Re8 8. d4 Nbd7
9. Bd3 dxc4 10. Bxc4 b5 11. Be2 Bb7 12. O-O a6 13. a4 b4 14. Nb1 c5 15. Nbd2 Rc8
16. Rc1 Bb8 17. Re1 Nd5 18. Nc4 N7f6 19. dxc5 Rxc5 20. Qd4 Qc7 21. Qe5 Qc6 22.
Qd4 Qc7 23. Qe5 Qc6 24. Qd4 Qc7 1/2-1/2

[Event "European Online CC PlayB"]
[Site "Tornelo INT"]
[Date "2021.03.29"]
[Round "1.2"]
[Board "1"]
[White "Mamedyarov, Shakhriyar"]
[Black "Ivanchuk, Vasyl"]
[Result "0-1"]
[WhiteTitle "GM"]
[BlackTitle "GM"]
[WhiteElo "2770"]
[BlackElo "2678"]
[WhiteTeam "Odlar Yurdu"]
[BlackTeam "C'Chartres Echecs A"]
[WhiteFideId "13401319"]
[BlackFideId "14100010"]
[EventDate "2021.03.29"]
[EventType "team"]

1. d4 Nf6 2. c4 g6 3. Nf3 Bg7 4. e3 O-O 5. Be2 b6 6. O-O Bb7 7. Qc2 e6 8. b4 d6
9. Bb2 Nbd7 10. Nc3 c5 11. dxc5 dxc5 12. b5 Ne4 13. a4 Qc7 14. Rfd1 Rfd8 15. h3
Ne5 16. Nxe4 Bxe4 17. Qxe4 Nxf3+ 18. Bxf3 Bxb2 19. Rab1 Rxd1+ 20. Rxd1 Rd8 21.
Rxd8+ Qxd8 22. Qb7 Bc3 23. Qxa7 Be1 24. Bc6 Kg7 25. Qd7 Qh4 26. Qd3 Qxf2+ 27.
Kh2 Bd2 28. a5 Bxe3 29. Qd1 bxa5 30. b6 Bf4+ 31. Kh1 Qg3 32. Kg1 h5 33. b7 h4
34. Qb1 Be5 35. Qd1 Qe3+ 36. Kh1 Qf4 37. Kg1 Qxc4 38. Qe1 Qd4+ 39. Kh1 Bg3 40.
Qf1 c4 41. Be8 f5 42. Qb1 Qd6 43. Ba4 Qb4 44. Qd1 c3 45. Qd7+ Kh6 46. Qd8 Be5
47. b8=Q Qxb8 48. Qxh4+ Kg7 49. Qe7+ Kh8 50. Qxe6 Qb1+ 0-1

[Event "European Online CC PlayB"]
[Site "Tornelo INT"]
[Date "2021.03.29"]
[Round "1.2"]
[Board "2"]
[White "Lagarde, Maxime"]
[Black "Guseinov, Gadir"]
[Result "1/2-1/2"]
[WhiteTitle "GM"]
[BlackTitle "GM"]
[WhiteElo "2640"]
[BlackElo "2665"]
[WhiteTeam "C'Chartres Echecs A"]
[BlackTeam "Odlar Yurdu"]
[WhiteFideId "662399"]
[BlackFideId "13401378"]
[EventDate "2021.03.29"]
[EventType "team"]

1. d4 Nf6 2. c4 g6 3. Nc3 Bg7 4. e4 d6 5. Nge2 O-O 6. Ng3 c6 7. Be2 Nbd7 8. h4
e5 9. d5 cxd5 10. cxd5 h5 11. Bg5 a6 12. Bxh5 gxh5 13. Nxh5 Qb6 14. Nxg7 Kxg7
15. Rh3 Rg8 16. Qf3 Kf8 17. Rg3 Qxb2 18. Rb1 Qc2 19. Rc1 Qb2 20. Rb1 Qc2 21. Rc1
Qb2 22. Kd1 Ke7 23. Qf5 Rg6 24. Rb1 Qa3 25. Rf3 Nc5 26. Bxf6+ Ke8 27. Qh5 Bg4
28. Qh8+ Kd7 29. Qxa8 Bxf3+ 30. gxf3 Rxf6 31. Kc2 Rxf3 32. Rxb7+ Nxb7 33. Qxb7+
Ke8 34. Qc8+ Ke7 35. Qc7+ Ke8 36. Qc8+ Ke7 37. Qc7+ Ke8 38. Qc8+ 1/2-1/2

[Event "European Online CC PlayB"]
[Site "Tornelo INT"]
[Date "2021.03.29"]
[Round "1.2"]
[Board "3"]
[White "Abasov, Nijat"]
[Black "Medvegy, Zoltan"]
[Result "1-0"]
[WhiteTitle "GM"]
[BlackTitle "GM"]
[WhiteElo "2664"]
[BlackElo "2527"]
[WhiteTeam "Odlar Yurdu"]
[BlackTeam "C'Chartres Echecs A"]
[WhiteFideId "13402960"]
[BlackFideId "708402"]
[EventDate "2021.03.29"]
[EventType "team"]

1. e4 e6 2. d4 d5 3. Nc3 dxe4 4. Nxe4 Bd7 5. Nf3 Bc6 6. Bd3 Nd7 7. O-O Ngf6 8.
Ng3 Be7 9. Re1 O-O 10. c3 Re8 11. Bf4 Bxf3 12. Qxf3 c6 13. Rad1 Bf8 14. a3 a5
15. Ne4 Nxe4 16. Bxe4 g6 17. g3 Qb6 18. Bc1 Bg7 19. h4 Nf6 20. Bc2 h5 21. Kg2 a4
22. Re2 Qb5 23. Re5 Qb6 24. Rde1 Nh7 25. R5e2 Nf6 26. Qd3 Qa6 27. Qe3 Qc4 28.
Qf4 Qd5+ 29. Kg1 b5 30. Re5 Qd7 31. Qf3 Nd5 32. R5e2 Nf6 33. Bf4 Qd5 34. Qd3 Qd7
35. Bb1 Ng4 36. Qf3 Nf6 37. Be5 Nd5 38. Bxg7 Kxg7 39. Re5 Qe7 40. Rg5 Rh8 41.
Ree5 Rh6 42. Re1 Qf6 43. Qd3 Rb8 44. Ba2 Rhh8 45. Qe2 Rb7 46. Bb1 Rb6 47. Be4
Rb7 48. Bf3 Rb6 49. Bxh5 Kf8 50. Bf3 Ke7 51. Bxd5 cxd5 52. Rxd5 1-0

[Event "European Online CC PlayB"]
[Site "Tornelo INT"]
[Date "2021.03.29"]
[Round "1.2"]
[Board "4"]
[White "Guliyev, Namig"]
[Black "Durarbayli, Vasif"]
[Result "1/2-1/2"]
[WhiteTitle "GM"]
[BlackTitle "GM"]
[WhiteElo "2538"]
[BlackElo "2606"]
[WhiteTeam "C'Chartres Echecs A"]
[BlackTeam "Odlar Yurdu"]
[WhiteFideId "13400363"]
[BlackFideId "13402935"]
[EventDate "2021.03.29"]
[EventType "team"]

1. e4 e5 2. Nf3 Nc6 3. Bb5 a6 4. Ba4 Nf6 5. O-O Be7 6. Re1 b5 7. Bb3 O-O 8. d3
d6 9. c3 Na5 10. Bc2 c5 11. Nbd2 Nc6 12. Nf1 h6 13. a4 Be6 14. Ne3 Rc8 15. axb5
axb5 16. d4 cxd4 17. cxd4 Nxd4 18. Nxd4 exd4 19. Qxd4 Nd7 20. Bd2 Ne5 21. Bc3
Bf6 22. Qd2 Bg5 23. Qe2 Bxe3 24. Qxe3 b4 25. Bxe5 dxe5 26. Bb3 Bxb3 27. Qxb3 Qd4
28. g3 Qc4 29. Qxc4 Rxc4 30. Rac1 Rfc8 31. Rxc4 Rxc4 32. Re3 Kf8 33. Kg2 Ke7 34.
Kf3 Rd4 35. Ke2 Kd6 36. b3 Kc5 37. h4 h5 38. f4 exf4 39. gxf4 g6 40. Kf3 Rd1 41.
f5 gxf5 42. exf5 Kd5 43. Re7 Rf1+ 44. Kg3 Rxf5 45. Rb7 Kc5 46. Rc7+ Kb5 47. Rb7+
Ka5 48. Ra7+ Kb6 49. Ra8 Kb7 50. Ra4 Rb5 51. Kf4 f6 52. Ra1 Rd5 53. Re1 Rd3 54.
Kf5 Rxb3 55. Kxf6 Rg3 56. Re5 b3 57. Rxh5 Kc6 58. Re5 b2 59. Re1 Rb3 60. h5 b1=Q
61. Rxb1 Rxb1 62. h6 Kd6 63. h7 Rf1+ 64. Kg7 Rg1+ 65. Kf7 Rh1 66. Kg7 Rxh7+ 67.
Kxh7 1/2-1/2

[Event "European Online CC PlayB"]
[Site "Tornelo INT"]
[Date "2021.03.29"]
[Round "1.3"]
[Board "1"]
[White "Kryvoruchko, Yuriy"]
[Black "Muradli, Mahammad"]
[Result "1/2-1/2"]
[WhiteTitle "GM"]
[BlackTitle "IM"]
[WhiteElo "2699"]
[BlackElo "2449"]
[WhiteTeam "Greco-Notary Chess Team"]
[BlackTeam "Tehsil Idman"]
[WhiteFideId "14109182"]
[BlackFideId "13409301"]
[EventDate "2021.03.29"]
[EventType "team"]

1. e4 c5 2. Nf3 d6 3. Bb5+ Bd7 4. Bxd7+ Qxd7 5. c4 Nf6 6. Nc3 g6 7. d4 cxd4 8.
Nxd4 Bg7 9. f3 O-O 10. O-O Rc8 11. b3 d5 12. exd5 Nxd5 13. Nxd5 e6 14. Bh6 exd5
15. Bxg7 Kxg7 16. Re1 dxc4 17. Rc1 cxb3 18. Rxc8 Qxc8 19. Nxb3 Nc6 20. Nc5 Qc7
21. Qa1+ Kg8 22. Ne4 Qb6+ 23. Kh1 Qd4 24. Qxd4 Nxd4 25. Nd6 Kf8 26. Nxb7 Rc8 27.
Kg1 Rc2 28. Nd6 Rxa2 29. Re8+ Kg7 30. Re7 Kf6 31. Rb7 Ke5 32. Nxf7+ Kf4 33. Rb1
a5 34. Nd6 a4 35. Rb4 Ke3 36. h4 Ne2+ 37. Kh2 Ra1 38. Re4+ Kf2 39. Re7 Ng3 40.
Ne4+ Nxe4 41. fxe4 a3 42. Rxh7 Ke3 43. e5 Kf4 44. e6 a2 45. Ra7 Re1 46. Ra4+ Kf5
47. Rxa2 Rxe6 48. Ra5+ Kg4 49. Ra4+ Kh5 50. Kh3 Re3+ 51. g3 Rb3 52. Ra8 Kh6 53.
Rf8 Kg7 54. Rf4 Kh6 55. Kg4 Ra3 56. Rb4 Rc3 57. Kf4 Ra3 58. g4 g5+ 59. hxg5+ Kg6
60. Rb6+ Kg7 61. g6 Ra5 62. Re6 Rb5 63. Kg3 Ra5 64. Kh4 Rb5 65. g5 Rb1 66. Rf6
Rh1+ 67. Kg4 Rg1+ 68. Kh4 Rh1+ 69. Kg4 Rg1+ 70. Kh4 Rh1+ 1/2-1/2

[Event "European Online CC PlayB"]
[Site "Tornelo INT"]
[Date "2021.03.29"]
[Round "1.3"]
[Board "2"]
[White "Mammadzada, Gunay"]
[Black "Eljanov, Pavel"]
[Result "0-1"]
[WhiteTitle "IM"]
[BlackTitle "GM"]
[WhiteElo "2443"]
[BlackElo "2672"]
[WhiteTeam "Tehsil Idman"]
[BlackTeam "Greco-Notary Chess Team"]
[WhiteFideId "13403729"]
[BlackFideId "14102951"]
[EventDate "2021.03.29"]
[EventType "team"]

1. e4 c6 2. d4 d5 3. Nc3 dxe4 4. Nxe4 Nf6 5. Nxf6+ exf6 6. c3 Bd6 7. Bd3 Na6 8.
Qc2 Nc7 9. Ne2 h5 10. Ng3 g6 11. Ne4 Be7 12. Bd2 f5 13. Ng3 Be6 14. f3 Nd5 15.
O-O-O b5 16. Rhe1 Qd7 17. Kb1 a5 18. Ne2 a4 19. g3 Kf8 20. Ka1 b4 21. Qc1 bxc3
22. bxc3 Kg7 23. Qc2 Bf6 24. c4 Nb6 25. Rb1 Rhb8 26. c5 Bb3 27. Qc1 Nd5 28. Bc4
Bxc4 29. Qxc4 a3 30. Nc3 Nc7 31. Be3 Ne6 32. Red1 Rxb1+ 33. Nxb1 Qb7 34. Qb3
Qxb3 35. axb3 a2 36. Nd2 Nxc5 37. Rc1 Ne6 38. Rc4 c5 0-1

[Event "European Online CC PlayB"]
[Site "Tornelo INT"]
[Date "2021.03.29"]
[Round "1.3"]
[Board "3"]
[White "Kuzubov, Yuriy"]
[Black "Shahaliyev, Ismayil"]
[Result "1-0"]
[WhiteTitle "GM"]
[BlackTitle "IM"]
[WhiteElo "2642"]
[BlackElo "2413"]
[WhiteTeam "Greco-Notary Chess Team"]
[BlackTeam "Tehsil Idman"]
[WhiteFideId "14112906"]
[BlackFideId "13406388"]
[EventDate "2021.03.29"]
[EventType "team"]

1. d4 Nf6 2. Nf3 e6 3. c4 d5 4. g3 dxc4 5. Bg2 c5 6. O-O Nc6 7. dxc5 Qxd1 8.
Rxd1 Bxc5 9. Nbd2 c3 10. bxc3 O-O 11. Ne1 Rd8 12. Nd3 Be7 13. Rb1 Nd5 14. Bb2 f6
15. c4 Ndb4 16. Nxb4 Nxb4 17. Bc3 a5 18. a3 Nc6 19. a4 Ra6 20. Nb3 Rxd1+ 21.
Rxd1 Kf7 22. c5 e5 23. Bd5+ Be6 24. e4 g6 25. Kf1 Ra8 26. Ke2 h5 27. Rb1 Rc8 28.
Bxe6+ Kxe6 29. Nxa5 Nxa5 30. Bxa5 Rxc5 31. Rb6+ Kf7 32. Bb4 Rc2+ 33. Kd3 Rc7 34.
Bxe7 Kxe7 35. h4 Kf7 36. f4 Rd7+ 37. Ke3 Rc7 38. Kd3 Rd7+ 39. Kc3 Rc7+ 40. Kb3
Rd7 41. fxe5 fxe5 42. a5 Rc7 43. Kb4 Rd7 44. Kc5 Rd4 45. Rxb7+ Kf6 46. Rb6+ Kf7
47. Rb4 Rd3 48. Ra4 Rxg3 49. a6 Rc3+ 50. Kd5 Rc8 51. a7 Ra8 52. Kxe5 1-0

[Event "European Online CC PlayB"]
[Site "Tornelo INT"]
[Date "2021.03.29"]
[Round "2.1"]
[Board "1"]
[White "Meier, Georg"]
[Black "Muradli, Mahammad"]
[Result "1/2-1/2"]
[WhiteTitle "GM"]
[BlackTitle "IM"]
[WhiteElo "2628"]
[BlackElo "2449"]
[WhiteTeam "SF Deizisau e.V."]
[BlackTeam "Tehsil Idman"]
[WhiteFideId "4675789"]
[BlackFideId "13409301"]
[EventDate "2021.03.29"]
[EventType "team"]

1. Nf3 g6 2. g3 Bg7 3. d4 c5 4. c3 cxd4 5. cxd4 d5 6. Nc3 Nc6 7. Bg2 Nf6 8. Ne5
Nd7 9. Nxc6 bxc6 10. O-O O-O 11. Be3 Ba6 12. Rc1 Re8 13. Qa4 Qb6 14. Rfd1 Qb7
15. Qc2 Rac8 16. b3 e6 17. Qd2 c5 18. dxc5 Nxc5 19. Nxd5 exd5 20. Rxc5 Rxc5 21.
Bxc5 Rxe2 22. Qxd5 Qxd5 23. Bxd5 Rxa2 24. Bc4 Be5 25. Rd8+ Kg7 26. f4 Bc7 27.
Bd4+ Kh6 28. Rd7 Bb6 29. Bxb6 Bxc4 30. bxc4 axb6 31. Rxf7 Rc2 32. g4 Rxc4 33. h3
g5 34. Rf6+ Kg7 35. fxg5 b5 36. Kg2 Rc5 37. h4 b4 38. Rb6 Rc2+ 39. Kf3 Rc3+ 40.
Kf4 Rc4+ 41. Kf5 Rc5+ 42. Ke6 Rc4 43. h5 Rxg4 44. Rb7+ Kg8 45. Kf5 Rg1 46. Rxb4
Rf1+ 47. Rf4 Rxf4+ 48. Kxf4 h6 49. g6 Kg7 50. Ke5 Kg8 51. Kf6 Kf8 52. Kf5 Kg7
53. Ke6 Kf8 54. Kf6 Kg8 55. g7 Kh7 56. Kf7 1/2-1/2

[Event "European Online CC PlayB"]
[Site "Tornelo INT"]
[Date "2021.03.29"]
[Round "2.1"]
[Board "2"]
[White "Mammadzada, Gunay"]
[Black "Heimann, Andreas"]
[Result "0-1"]
[WhiteTitle "IM"]
[BlackTitle "GM"]
[WhiteElo "2443"]
[BlackElo "2606"]
[WhiteTeam "Tehsil Idman"]
[BlackTeam "SF Deizisau e.V."]
[WhiteFideId "13403729"]
[BlackFideId "24624632"]
[EventDate "2021.03.29"]
[EventType "team"]

1. e4 e5 2. Nf3 Nc6 3. Bb5 Nf6 4. O-O Nxe4 5. Re1 Nd6 6. Nxe5 Be7 7. Bf1 Nxe5 8.
Rxe5 O-O 9. d4 Bf6 10. Re1 Re8 11. Rxe8+ Nxe8 12. d5 b6 13. a4 a5 14. Nd2 Qe7
15. Ra3 Bb7 16. Re3 Qc5 17. c4 Nd6 18. Bd3 g6 19. b3 c6 20. dxc6 Bxc6 21. Ne4
Nxe4 22. Bxe4 Rd8 23. Bxc6 dxc6 24. Qe1 Kg7 25. h3 Qf5 26. Ba3 Qc2 27. Re8 Rxe8
28. Qxe8 c5 29. Qe3 Bd4 30. Qf3 Qb1+ 31. Kh2 Qa1 0-1

[Event "European Online CC PlayB"]
[Site "Tornelo INT"]
[Date "2021.03.29"]
[Round "2.1"]
[Board "4"]
[White "Bashirli, Nail"]
[Black "Kollars, Dmitrij"]
[Result "1/2-1/2"]
[WhiteTitle "IM"]
[BlackTitle "GM"]
[WhiteElo "2382"]
[BlackElo "2598"]
[WhiteTeam "Tehsil Idman"]
[BlackTeam "SF Deizisau e.V."]
[WhiteFideId "13406809"]
[BlackFideId "12909572"]
[EventDate "2021.03.29"]
[EventType "team"]

1. e4 e5 2. Nf3 Nc6 3. Nc3 Nf6 4. Bb5 Bb4 5. O-O O-O 6. d3 Bxc3 7. bxc3 d6 8.
Bg5 h6 9. Bh4 Qe7 10. Bxc6 bxc6 11. h3 Qe6 12. Nd2 Nh7 13. Bg3 Qg6 14. Kh2 f5
15. f4 exf4 16. Rxf4 Nf6 17. exf5 Bxf5 18. c4 Rae8 19. Qf1 Nh5 20. Rf3 Bd7 21.
Rxf8+ Rxf8 22. Qe1 c5 23. Qe3 Re8 24. Ne4 Bc6 25. Re1 Bxe4 26. dxe4 Qe6 27. Qc3
Qg6 28. Qd3 Kh7 29. Qf3 Re6 30. Re3 Qg5 31. Re2 Rg6 32. Re3 Re6 33. Re2 Rf6 34.
Qg4 Nxg3 35. Qxg3 Qh5 36. Re1 Re6 37. Qf4 Re7 38. Re3 Qg6 39. a3 Qe6 40. Re1
Qxc4 41. Qf5+ g6 42. Qf6 Rf7 43. Qd8 Qxc2 44. e5 dxe5 45. Rxe5 Qc3 46. Qe8 Kg7
47. Re7 Qf6 48. Rxf7+ Qxf7 49. Qe5+ Kh7 50. Qxc5 a6 51. Kg1 Qd7 52. Qc4 a5 53.
Qc5 a4 54. Qc4 h5 55. Kh2 Kg7 56. Qc3+ Kh7 57. Qc4 Kg7 58. Kh1 Kh8 59. Qc3+ Kg8
60. Qc4+ Kf8 61. Qc5+ Kf7 62. Qc4+ Ke7 63. Qe4+ Kf6 64. Qf4+ Kg7 65. Qe5+ Kh7
66. Qc3 Qd1+ 67. Kh2 Qd6+ 68. Kh1 c5 69. Qc4 Qd1+ 70. Kh2 Qd6+ 71. Kh1 Qd4 72.
Qf7+ Kh6 73. Qf8+ Kg5 74. Qe7+ Kf5 75. Qf7+ Kg5 76. Qe7+ Kf4 77. Qf7+ Ke3 78.
Qxg6 h4 79. Qg5+ Kd3 80. Qc1 Qc4 81. Qb2 Qd4 82. Qc1 Ke2 83. Qc2+ Ke3 84. Qc1+
Ke4 85. Qc2+ Kd5 86. Qf5+ Kc4 87. Qc2+ Kb5 88. Qb1+ Ka6 89. Qg6+ Ka5 90. Qb1 Qc3
91. Qd1 Qd4 92. Qe1+ Kb5 93. Qb1+ Kc6 94. Qg6+ Kd5 95. Qf7+ Ke4 96. Qf3+ Ke5 97.
Qh5+ Kd6 98. Qg6+ Kc7 99. Qf7+ Kc6 100. Qg6+ Kb5 101. Qb1+ 1/2-1/2

[Event "European Online CC PlayB"]
[Site "Tornelo INT"]
[Date "2021.03.29"]
[Round "2.2"]
[Board "1"]
[White "Ivanchuk, Vasyl"]
[Black "Kryvoruchko, Yuriy"]
[Result "1/2-1/2"]
[WhiteTitle "GM"]
[BlackTitle "GM"]
[WhiteElo "2678"]
[BlackElo "2699"]
[WhiteTeam "C'Chartres Echecs A"]
[BlackTeam "Greco-Notary Chess Team"]
[WhiteFideId "14100010"]
[BlackFideId "14109182"]
[EventDate "2021.03.29"]
[EventType "team"]

1. d4 Nf6 2. c4 e6 3. Nc3 Bb4 4. e3 O-O 5. Bd2 c5 6. a3 Bxc3 7. Bxc3 cxd4 8.
Qxd4 Nc6 9. Qh4 e5 10. Rd1 Qe7 11. Bd3 h6 12. Ne2 d5 13. O-O dxc4 14. Bxc4 Be6
15. Bb5 Bb3 16. Rc1 Nd5 17. Qxe7 Ndxe7 18. f4 a6 19. Bxc6 Nxc6 20. Bxe5 Rfe8 21.
Nd4 Nxd4 22. Bxd4 Rac8 23. g4 f6 24. Kf2 Kf7 25. Kg3 Rc2 26. Rxc2 Bxc2 27. f5
Rc8 28. h4 Re8 29. g5 hxg5 30. hxg5 fxg5 31. Kg4 g6 32. fxg6+ Kxg6 33. Rf6+ Kh7
34. Kxg5 Kg8 35. Kh6 Rc8 36. Rf4 Rc6+ 37. Kg5 Rg6+ 38. Kh5 Rg2 39. e4 Re2 40.
Rg4+ Kf8 41. e5 Re4 42. Rxe4 Bxe4 43. Kg5 Ke7 44. Kf4 1/2-1/2

[Event "European Online CC PlayB"]
[Site "Tornelo INT"]
[Date "2021.03.29"]
[Round "2.2"]
[Board "3"]
[White "Maurizzi, Marc Andria"]
[Black "Kuzubov, Yuriy"]
[Result "1/2-1/2"]
[WhiteTitle "IM"]
[BlackTitle "GM"]
[WhiteElo "2461"]
[BlackElo "2642"]
[WhiteTeam "C'Chartres Echecs A"]
[BlackTeam "Greco-Notary Chess Team"]
[WhiteFideId "36083534"]
[BlackFideId "14112906"]
[EventDate "2021.03.29"]
[EventType "team"]

1. e4 c5 2. c3 Nf6 3. e5 Nd5 4. d4 cxd4 5. Qxd4 e6 6. Nf3 Nc6 7. Qg4 d6 8. exd6
Qxd6 9. Na3 Nf6 10. Qh4 Qd8 11. Nc4 Be7 12. Bg5 h6 13. Rd1 Nd5 14. Bxe7 Qxe7 15.
Qxe7+ Kxe7 16. g3 Rd8 17. Bg2 Bd7 18. Nfe5 Nb6 19. f4 Nxc4 20. Nxc4 Be8 21. Kf2
Rac8 22. Rhe1 Rxd1 23. Rxd1 Rd8 24. Rxd8 Nxd8 25. Ke3 Bc6 26. Bxc6 Nxc6 27. b4
f6 28. a4 Kd7 29. a5 Ne7 30. Kd3 h5 31. Ne3 Kd6 1/2-1/2

[Event "European Online CC PlayB"]
[Site "Tornelo INT"]
[Date "2021.03.29"]
[Round "2.3"]
[Board "1"]
[White "Harikrishna, Pentala"]
[Black "Mamedyarov, Shakhriyar"]
[Result "1/2-1/2"]
[WhiteTitle "GM"]
[BlackTitle "GM"]
[WhiteElo "2730"]
[BlackElo "2770"]
[WhiteTeam "Novy Bor"]
[BlackTeam "Odlar Yurdu"]
[WhiteFideId "5007003"]
[BlackFideId "13401319"]
[EventDate "2021.03.29"]
[EventType "team"]

1. d4 Nf6 2. Nf3 d5 3. c4 e6 4. Nc3 c5 5. cxd5 Nxd5 6. g3 cxd4 7. Nxd5 Qxd5 8.
Qxd4 Qb5 9. e4 Bb4+ 10. Bd2 Bxd2+ 11. Qxd2 Qb6 12. Qd4 Qxd4 13. Nxd4 Bd7 14. Nb5
Bxb5 15. Bxb5+ Ke7 16. Rc1 a6 17. Ba4 Nd7 18. Bxd7 Kxd7 19. Ke2 Rac8 20. h4 h5
21. Ke3 e5 22. Rcd1+ Ke6 23. Rd5 Rhd8 24. Rxd8 Rxd8 25. Rc1 g6 26. f4 Rd7 27. a3
Kf6 28. a4 Ke6 29. Rc4 Rd6 30. a5 exf4+ 31. gxf4 Kd7 32. Rc5 b6 33. Rg5 bxa5 34.
Rxa5 Rb6 35. f5 Rxb2 36. fxg6 fxg6 37. Rxa6 Rg2 38. Kd4 Rg4 39. Kd5 Ke7 40. e5
Rxh4 41. Rxg6 Rh1 42. Rg7+ Kf8 43. Rh7 Kg8 44. Ra7 h4 45. e6 Kf8 46. Ra8+ Ke7
47. Ra7+ Ke8 48. Ra8+ Ke7 49. Ra7+ Kf8 50. Ra8+ Ke7 1/2-1/2

[Event "European Online CC PlayB"]
[Site "Tornelo INT"]
[Date "2021.03.29"]
[Round "2.3"]
[Board "2"]
[White "Guseinov, Gadir"]
[Black "Vidit, Santosh Gujrathi"]
[Result "1/2-1/2"]
[WhiteTitle "GM"]
[BlackTitle "GM"]
[WhiteElo "2665"]
[BlackElo "2726"]
[WhiteTeam "Odlar Yurdu"]
[BlackTeam "Novy Bor"]
[WhiteFideId "13401378"]
[BlackFideId "5029465"]
[EventDate "2021.03.29"]
[EventType "team"]

1. e4 e5 2. Nf3 Nc6 3. Bb5 a6 4. Bxc6 dxc6 5. O-O Bd6 6. d4 exd4 7. Qxd4 f6 8.
Be3 Be6 9. Nbd2 Ne7 10. Qc3 Qd7 11. Rad1 O-O-O 12. Nc4 Bxc4 13. Qxc4 Ng6 14. Nd4
Ne5 15. Qe2 Ng4 16. Nf5 Nxe3 17. Qxe3 Kb8 18. Rd3 g6 19. Nxd6 cxd6 20. Rfd1 Qe7
21. f3 Rd7 22. c4 Rhd8 23. Qd2 Qe5 24. b3 f5 25. exf5 Qxf5 26. Kh1 d5 27. h3 Kc8
28. Qc3 dxc4 29. Rxd7 Rxd7 30. Rxd7 Qxd7 31. Qxc4 Qd1+ 32. Kh2 Qd6+ 33. f4 h5 1/2-1/2

[Event "European Online CC PlayB"]
[Site "Tornelo INT"]
[Date "2021.03.29"]
[Round "2.3"]
[Board "3"]
[White "Wojtaszek, Radoslaw"]
[Black "Abasov, Nijat"]
[Result "1/2-1/2"]
[WhiteTitle "GM"]
[BlackTitle "GM"]
[WhiteElo "2694"]
[BlackElo "2664"]
[WhiteTeam "Novy Bor"]
[BlackTeam "Odlar Yurdu"]
[WhiteFideId "1118358"]
[BlackFideId "13402960"]
[EventDate "2021.03.29"]
[EventType "team"]

1. d4 Nf6 2. c4 e6 3. g3 d5 4. Bg2 Be7 5. Nf3 O-O 6. O-O dxc4 7. Qc2 a6 8. a4 c5
9. dxc5 Bxc5 10. Nbd2 b5 11. axb5 Bb7 12. Nxc4 axb5 13. Rxa8 Bxa8 14. Nce5 Qb6
15. Nd3 Nbd7 16. Nxc5 Qxc5 17. Qxc5 Nxc5 18. Nd4 Na4 19. Nxb5 Bxg2 20. Kxg2 Rb8
21. Rd1 h6 22. Nc3 Nxb2 23. Rd4 e5 24. Rd6 Nc4 25. Rc6 Na5 26. Rc7 Rb4 27. Bd2
Rc4 28. Rxc4 Nxc4 29. Bc1 Kf8 30. f3 Ke7 1/2-1/2